Acta Facultatis Iuridicae Universitatis Comenianae

Salvato in:
Dettagli Bibliografici
Ente Autore: Univerzita Komenského v Bratislave. Právnická fakulta
Natura: Libro
Lingua:slovacco
Pubblicazione: Bratislava Univerzita Komenského 1999
Soggetti:
Tags: Aggiungi Tag
Nessun Tag, puoi essere il primo ad aggiungerne!!

MARC

LEADER 00000nam a2200000 4500
001 c117954
005 20250813095112.6
020 |a 80-223-1329-7 
041 0 |a slo 
044 |a SK 
245 1 0 |a Acta Facultatis Iuridicae Universitatis Comenianae  |c [zostavovateľ: Ján Reken] 
264 1 |a Bratislava  |b Univerzita Komenského  |c 1999 
300 |a 279 s. 
610 2 0 |a právo 
610 2 0 |a komunikácia 
610 2 0 |a právo medzinárodné 
610 2 0 |a právo zmenkové a šekové 
610 2 0 |a bankovníctvo 
610 2 0 |a vývoj 
610 2 0 |a mena 
610 2 0 |a integrácia ekonomická medzinárodná 
610 2 0 |a papiere cenné 
610 2 0 |a úpravy právne 
610 2 0 |a filozofia 
610 2 0 |a environmentalistika 
610 2 0 |a regulácia 
610 2 0 |a rezervy 
610 2 0 |a cirkev 
610 2 0 |a register obchodný 
610 2 0 |a spoločnosti obchodné 
610 2 0 |a predaj 
610 2 0 |a podnik 
610 2 0 |a telovýchova 
610 2 0 |a látky chemické 
610 2 0 |a procesy rozhodovacie 
610 2 0 |a dane 
610 2 0 |a Slovensko 
610 2 0 |a Európska únia 
710 2 |a Univerzita Komenského v Bratislave. Právnická fakulta